000 00657nam a22001937a 4500
005 20130612163902.0
010 _aB-505279-286
020 _a9788192173832
_c1250.00
035 _aB-505279-286
037 _bRBC/Ven
082 _a595.7
245 _aHandbook of Insects /
_cby Praveen Gulati
260 _aNew Delhi
_bBIO-Green Books
_cc2012
270 _a4760-60/23, Ansari Road, Daryaganj
_bNew Delhi
_e110002
300 _axii,410p.
_bill.
_c22cm(Hb)
500 _aIt include index and bibliography
942 _2ddc
_cEN
_mGUL
_h595.7
999 _c74235
_d74235